| 000 | 00729nam a2200217Ia 4500 | ||
|---|---|---|---|
| 005 | 20140610083701.0 | ||
| 008 | 140609s9999 xx 000 0 und d | ||
| 020 | _a9789814352598 | ||
| 050 |
_aHG 4026 _b.B6693 2011 |
||
| 100 | _aBrigham, Eugene F. | ||
| 245 |
_aFinancial management fundamentals / _cEugene F. Brigham, Joel F. Houston |
||
| 250 | _a12th ed. | ||
| 260 |
_aMason, OH : _bSouth-Western Cengage Learning, _cc2011. |
||
| 300 |
_a736 p. ; _c26 cm. |
||
| 500 | _aIncludes appendices and index. | ||
| 521 | _aBSBA | ||
| 650 |
_aBusiness enterprises _xUnited States --Finance --Problems, exercises, etc. |
||
| 650 |
_aBusiness enterprises _xUnited States --Finance. |
||
| 942 |
_kFOR _cBK _2lcc |
||
| 999 |
_c118272 _d118272 |
||